[Event "Rubinstein Memorial-D 54th"]
[Site "Polanica Zdroj"]
[Date "2018.08.25"]
[Round "8"]
[White "Miranowska, Anna"]
[Black "Zimny, Jakub"]
[Result "1-0"]
[WhiteElo "1273"]
[BlackElo "1184"]
[PlyCount "50"]
[EventDate "2018.08.18"]
[EventType "swiss"]
[EventRounds "9"]
[EventCountry "POL"]
[SourceTitle "EXT 2020"]
[Source "ChessBase"]
[SourceDate "2019.10.17"]
[SourceVersion "1"]
[SourceVersionDate "2019.10.17"]
[SourceQuality "1"]

1. d4 d5 2. Nf3 Nf6 3. c4 c6 4. Nc3 Bf5 5. Bg5 Nbd7 6. e3 e6 7. cxd5 cxd5 8. Bd3 Bg4 9. 0-0 Be7 10. Bf4 a6 11. h3 Bh5 12. Rc1 Rc8 13. Rc2 0-0 14. Qe2 h6 15. Rfc1 Nb6 16. Nb1 Qd7 17. Rc7 Rxc7 18. Rxc7 Qd8 19. Rxb7 Bd6 20. Bxd6 Qxd6 21. Bxa6 Ra8 22. b3 Bg6 23. Nbd2 Rc8 24. Qb5 Rc6 25. Ne5 Rc1+ 1-0

[Event "Rubinstein Memorial-D 54th"]
[Site "Polanica Zdroj"]
[Date "2018.08.23"]
[Round "6"]
[White "Miranowska, Anna"]
[Black "Barwinska, Ewa"]
[Result "0-1"]
[WhiteElo "1273"]
[BlackElo "1451"]
[PlyCount "86"]
[EventDate "2018.08.18"]
[EventType "swiss"]
[EventRounds "9"]
[EventCountry "POL"]
[SourceTitle "EXT 2020"]
[Source "ChessBase"]
[SourceDate "2019.10.17"]
[SourceVersion "1"]
[SourceVersionDate "2019.10.17"]
[SourceQuality "1"]

1. d4 d5 2. Nf3 Nf6 3. c4 e6 4. Nc3 c6 5. cxd5 exd5 6. Bg5 h6 7. Bh4 Bf5 8. e3 Nbd7 9. Bd3 Bxd3 10. Qxd3 Qb6 11. Rb1 Bd6 12. 0-0 0-0 13. Bg3 Bxg3 14. hxg3 Rfe8 15. Rfc1 Ne4 16. b4 a6 17. a4 Nxc3 18. Rxc3 Nf6 19. Nd2 Rac8 20. b5 axb5 21. axb5 cxb5 22. Rxc8 Rxc8 23. Rxb5 Rc1+ 24. Nf1 Qc6 25. Rb1 Ne4 26. Rxc1 Qxc1 27. Qe2 Qc4 28. Qb2 b5 29. Nd2 Qe2 30. Qc1 Qxf2+ 31. Kh1 Nxd2 32. Kh2 Nf1+ 33. Kh1 Nxe3 34. Qg1 Qxg1+ 35. Kxg1 b4 36. Kf2 b3 37. Ke2 b2 38. Kd2 b1Q 39. Kc3 Qc2+ 40. Kb4 Qc4+ 41. Ka3 Qb5 42. g4 Nc4+ 43. Ka2 Qb2# 0-1

[Event "POL-chT U19 Wielkopolskie"]
[Site "Poland"]
[Date "2016.04.02"]
[Round "7.18"]
[White "Roszkiewicz, Zofia"]
[Black "Miranowska, Anna"]
[Result "0-1"]
[WhiteElo "1011"]
[BlackElo "1089"]
[PlyCount "54"]
[EventDate "2016.02.13"]
[EventType "team-tourn"]
[EventRounds "9"]
[EventCountry "POL"]
[SourceTitle "EXT 2019"]
[Source "ChessBase"]
[SourceDate "2018.10.10"]
[SourceVersion "1"]
[SourceVersionDate "2018.10.10"]
[SourceQuality "1"]

1. e4 c6 2. d4 d5 3. Nc3 dxe4 4. Nxe4 Bf5 5. Ng3 Bg6 6. Nf3 Nd7 7. h4 h6 8. h5 Bh7 9. Bd3 Bxd3 10. Qxd3 e6 11. Bf4 Qa5+ 12. Bd2 Qc7 13. 0-0-0 0-0-0 14. Qb3 Ngf6 15. Qa4 Nb6 16. Qxa7 Nc4 17. Qa8+ Qb8 18. Qxb8+ Kxb8 19. Bf4+ Bd6 20. Bxd6+ Nxd6 21. Rd3 Kc7 22. a4 Ra8 23. Ra3 Nc4 24. Ra2 Nb6 25. a5 Nc4 26. b4 Nd5 27. Rb2 Nxb2 0-1

[Event "POL-chT U19 Wielkopolskie"]
[Site "Poland"]
[Date "2016.02.13"]
[Round "2.6"]
[White "Miranowska, Anna"]
[Black "Kubasik, Aleksandra"]
[Result "1-0"]
[WhiteElo "1089"]
[BlackElo "1153"]
[PlyCount "69"]
[EventDate "2016.02.13"]
[EventType "team-tourn"]
[EventRounds "9"]
[EventCountry "POL"]
[SourceTitle "EXT 2019"]
[Source "ChessBase"]
[SourceDate "2018.10.10"]
[SourceVersion "1"]
[SourceVersionDate "2018.10.10"]
[SourceQuality "1"]

1. d4 d5 2. Nf3 e6 3. c4 Nf6 4. Nc3 Be7 5. Bg5 0-0 6. e3 Nbd7 7. Bd3 c5 8. cxd5 exd5 9. 0-0 c4 10. Bc2 a6 11. b3 b5 12. Qe2 Bb4 13. Nxd5 Be7 14. Nxe7+ Qxe7 15. e4 cxb3 16. Bxb3 Qxe4 17. Qxe4 Nxe4 18. Bf4 Nc3 19. Rfe1 Bb7 20. Rac1 Rac8 21. Rc2 b4 22. Re7 Bc6 23. d5 Bb5 24. Bd6 Nxd5 25. Rxc8 Rxc8 26. Bxd5 Bc4 27. Bxc4 g6 28. Bxf7+ Kg7 29. Be6+ Kh6 30. Bxd7 Rc2 31. Kf1 Rxa2 32. g4 g5 33. Bf5 Ra1+ 34. Kg2 Ra5 35. Rxh7# 1-0